Sports Quiz

Random Sports or Tennis Quiz
Score 0/24 Timer 06:00
20 Plays Today
% Correct
Golf Ball
93.1%
Basketball
92.9%
Tennis Ball
92.3%
Baseball
92%
Football (U.S.)
91.1%
Bowling Ball
89.2%
Rugby Ball
87.3%
Soccer Ball
86.7%
Volleyball
85.6%
Softball
82.5%
Billiard Ball
81.9%
Dodgeball
77.9%
% Correct
Wiffle Ball
71.8%
Shot Put
71%
Cricket Ball
59.3%
Lacrosse Ball
57.2%
Pickleball
56.2%
Pétanque Ball
52.3%
Table Tennis Ball
51.3%
International Handball
51.2%
Field Hockey Ball
45.6%
Bocce Ball
44.7%
Squash Ball
41.8%
Candlepin Bowling Ball
35.7%

You're not logged in!

Compare scores with friends on all Sporcle quizzes.
OR
Log In

Sporcle TV

Today on Sporcle TV


Watch our educational content, quiz creation guides, and fun videos on Sporcle TV.

Show Comments

Extras

Top Quizzes Today


Score Distribution

Paid Content

Your Account Isn't Verified!

In order to create a playlist on Sporcle, you need to verify the email address you used during registration. Go to your Sporcle Settings to finish the process.

Report this User

Report this user for behavior that violates our Community Guidelines.

Details: